| 000 | 01632cam a2200565 4500 | ||
|---|---|---|---|
| 001 | B1224 | ||
| 008 | 090401t1987 xxu||||| |||| 00| 0 eng d | ||
| 035 | _a(Sirsi) u43265 | ||
| 041 | _aeng | ||
| 050 | _a526.9 | ||
| 110 |
_aOverseas Development Administration _92062 |
||
| 245 | _aConference of Commonwealth Surveyors 1987:report of proceedings | ||
| 260 |
_aSouthampton _bOrdnance Survey _c1987 |
||
| 300 | _a2 v. ; 30cm. | ||
| 350 | _a35 | ||
| 520 | _aIncludes papers by Furmston,B.E. ; May,H.P. ; Smith,I.J. ; Nolan,K. ; Arnott,D.T. ; Faga- n,P.F. ; Nanson,B.W. ; Lankester,J.S. ; Dale,P.F. ; Allan,A.L. Harley,I.A. - 2 copies:1 copy bound in 1 vol. lacks some papers. | ||
| 650 | _aAUSTRALIA | ||
| 650 | _aBARBADOS | ||
| 650 | _aBOTSWANA | ||
| 650 | _aCADASTRAL SURVEYING | ||
| 650 | _aCANADA | ||
| 650 | _aCOMPUTERS | ||
| 650 | _aCAREERS, EDUCATION AND TRAINING | ||
| 650 | _aGLOBAL POSITIONING SYSTEMS | ||
| 650 | _aGRAVITY GRADIOMETER | ||
| 650 | _aHMS ROEBUCK | ||
| 650 | _aHYDROCAD | ||
| 650 | _aHYDROGRAPHIC SURVEYING | ||
| 650 | _aKENYA | ||
| 650 | _aLAND SURVEYING | ||
| 650 | _aLANDSAT | ||
| 650 | _aMALAYSIA | ||
| 650 | _aMILITARY SURVEY | ||
| 650 | _aMOTORIZED LEVELLING | ||
| 650 | _aNEW ZEALAND | ||
| 650 | _aNIGERIA | ||
| 650 | _aNIUE | ||
| 650 | _aORDNANCE SURVEY | ||
| 650 | _aSEYCHELLES | ||
| 650 | _aSOLOMON ISLANDS | ||
| 650 | _aSRI LANKA | ||
| 650 | _aSURVEY INFORMATION PROCESSING SYSTEM | ||
| 650 | _aSWAZILAND | ||
| 650 | _aTANZANIA | ||
| 650 | _aTRINIDAD | ||
| 650 | _aZAMBIA | ||
| 650 | _aZIMBABWE | ||
| 942 | _n0 | ||
| 948 | _c04/03/1997 | ||
| 999 |
_c91282 _d91282 |
||